Texto guía para la enseñanza de la Botánica I año
Saved in:
| Main Author: | |
|---|---|
| Format: | Book |
| Language: | Spanish |
| Published: |
Santiago
Sociedad Imprenta i Litográfia Universo
1942
|
| Textbook Catalogue: | MANES: Library Catalog Search Result |
| Textbook Classification: |
|
| Tags: |
Add Tag
No Tags, Be the first to tag this record!
|
| Added to: | 2023-11-02 |
| Changed in: | 2025-04-25 |
MARC
| LEADER | 00000nam a22000007a 4500 | ||
|---|---|---|---|
| 005 | 20250425101549.0 | ||
| 008 | 231103b |||||||| |||| 00| 0 spa d | ||
| 040 | |a MGM | ||
| 100 | |9 19161 |a Carlos Silva | ||
| 245 | |a Texto guía para la enseñanza de la Botánica I año | ||
| 260 | |a Santiago |b Sociedad Imprenta i Litográfia Universo |c 1942 | ||
| 300 | |a 99 pp. |c 13 x 18,5 cm | ||
| 521 | |a De acuerdo con el programa oficial | ||
| 546 | |a Chile | ||
| 561 | |5 cl-MGM |3 T 581 S586t 1942 1°H |a Chile. Museo Gabriela Mistral |k MANES | ||
| 690 | |a CN | ||
| 691 | |a SE | ||
| 942 | |2 ddc |c BK | ||
| 999 | |c 100731 |d 100731 | ||
| 999 | |c manes:100731 |d 100731 | ||